000 01676cas a22004331 4500
008 751101c19489999gw mr p o 0 b0ger
010 _a 50036489
022 _a0028-1050
040 _aDLC
_beng
_cMnMULS
_dNSDP
_dDLC
_dOCoLC
_dAIP
_dNST
_dPPBIO
_dDNLM
_dOCoLC
_dNL-LeOCL
_dOCoLC
_dDLC
_dUKMGB
_dOCoLC
_dOCLCF
_dOCLCO
_dUkLW
_dOCoLC
050 0 0 _aQ3
_b.N823
082 0 4 _a505
092 0 4 _a505
_bN2859
_221
099 _a04
_a505 N2859
210 0 _aNaturwiss. Rundsch.
222 0 _aNaturwissenschaftliche Rundschau
245 0 0 _aNaturwissenschaftliche Rundschau.
246 1 3 _aNR
_f<Mar. 2012->
260 _aStuttgart,
_bWissenschaftliche Verlagsgesellschaft.
300 _avolumes
_billustrations
_c30 cm
310 _aMonthly
362 0 _a1.- Jahrg. ; Juli 1948-
500 _a"Unter Mitarbeit zahlreicher Fachgelehrter."
510 2 _aChemical abstracts
_x0009-2258
515 _aIssues for <Mar. 2012-> carry also whole numbering <765->
525 _aSome no. include separarately-paged supplements reprinted from other journals.
530 _aVols. for 2004- issued also on CD-ROM and online.
550 _aOrgan of the Gesellschaft Deutscher Naturforscher und èArzte, <Mar. 2012->
650 0 _aScience
_vPeriodicals.
710 2 _aGesellschaft Deutscher Naturforscher und èArzte.
776 1 _tNaturwissenschaftliche Rundschau
_w(OCoLC)563088847
905 _aJamal
_eCat.
905 _eRev.
942 _2ddc
_cCR
_n0
999 _c143676
_d143676
336 _atext
_2rda content
337 _aUnmediated
_2rdamedia
338 _avolume
_2rdacarrier